| 000 | 00832ata a2200301 4500 | ||
|---|---|---|---|
| 005 | 20180116151554.0 | ||
| 008 | 150601b xxu||||| |||| 00| 0 spa d | ||
| 041 | _aspa | ||
| 082 | _a1.0.61 G943g | ||
| 245 | _aGuía de turismo rural comunitario=Rural Community Tourism Guide | ||
| 260 | _aCosta Rica | ||
| 260 | _bCooprena | ||
| 260 | _c2002 | ||
| 300 | _a174 páginas | ||
| 650 |
_aCOSTA RICA _945381 |
||
| 650 |
_aTURISMO RURAL _91917 |
||
| 650 |
_aVALLE CENTRAL _96737 |
||
| 650 |
_aLLANURAS DEL NORTE _935744 |
||
| 650 |
_aPACÍFICO NORTE _935742 |
||
| 650 |
_aTURISMO ECOLÓGICO _91911 |
||
| 650 |
_aPACÍFICO CENTRAL _96740 |
||
| 650 |
_aPACÍFICO SUR _934927 |
||
| 650 |
_aCARIBE _911907 |
||
| 650 |
_aTURISMO SOCIAL _92552 |
||
| 650 |
_aTURISMO CULTURAL _911940 |
||
| 650 |
_aECOTURISMO _9923 |
||
| 942 | _cBK | ||
| 999 |
_c10277 _d10277 |
||